000 00937nam a2200265 c 4500
003 BLK
005 20180413122545.0
008 180408b bul|||||r ||||||| ||bul||
010 _aKNG00053240000
020 _a3-411-20909-7
_bиздат.: Dudenverlag
040 _aBLK
041 _aDEU
_cDEU
080 _aНемски език (високонемски, стандартен писмен)
_b811.112.2
_x-3(038.1)
_z811.112.2-3(038.1)
139 _aDUDEN
_b
245 1 0 _aDUDEN
_bBd. 1-12
_nBd. 9
_pRichtiges und gutes Deutsch: Worterbuch der sprachlichen Zweifelsfalle
260 Mannheim et al.
_bDudenverlag
_c1985 -
300 _c19 cm
380 _a80
760 1 _d3. neu be
_h804 c
_tBd. 9 Richtiges und gutes Deutsch: Worterbuch der sprachlichen Zweifelsfalle
852 _aЦб 187089
856 4 _qpdf
_u
856 4 _qpdf
_u
942 _cKNG
_n0
944 _aCR
_c01.01.1999
_kAB_DOS
944 _aED
_c13.02.2017
_kЛили_Борисова
999 _c49390
_d49390